Ekonomické výpočty parametrov logistického rastu v Exceli

Matematický model nákupu predmetov dlhodobej spotreby a popis možnosti použitia tabuľkového kalkulátora Excel s možnosťou vyhnúť sa zložitým výpočtom pri určení parametrov logistického modelu. Ilustračné príklady.

Salvato in:
Dettagli Bibliografici
Autore principale: Dávid, Arnold
Altri autori: Peller, František
Natura: Capitolo di libro
Lingua:slovacco
Soggetti:
Tags: Aggiungi Tag
Nessun Tag, puoi essere il primo ad aggiungerne!!

MARC

LEADER 00000naa$a2200000$$$4500
001 0051407
005 20240502071612.0
041 0 |a slo 
044 |a SK 
245 1 0 |a Ekonomické výpočty parametrov logistického rastu v Exceli  |c Arnold Dávid, František Peller 
520 |a Matematický model nákupu predmetov dlhodobej spotreby a popis možnosti použitia tabuľkového kalkulátora Excel s možnosťou vyhnúť sa zložitým výpočtom pri určení parametrov logistického modelu. Ilustračné príklady. 
610 2 0 |a logistika 
610 2 0 |a programy počítačové 
610 2 0 |a parametre ekonomické 
610 2 0 |a spotreba 
610 2 0 |a modely matematické 
610 2 0 |a dopyt spotrebiteľský 
610 2 0 |a funkcie matematické 
100 1 |a Dávid, Arnold 
700 1 |a Peller, František